| Tag |
First Indicator |
Second Indicator |
Subfields |
| LEADER |
00000cam a2200000 i 4500 |
| 001 |
in00003925621 |
| 005 |
20180430074245.0 |
| 008 |
170525t20172017nyuaf b 001 0 eng c |
| 010 |
|
|
|a 2017024227
|
| 020 |
|
|
|a 9780465066988
|q (hardcover)
|
| 020 |
|
|
|a 0465066984
|q (hardcover)
|
| 020 |
|
|
|z 9780465093199
|q (ebook)
|
| 035 |
|
|
|a (OCoLC)ocn988171848
|
| 040 |
|
|
|a DLC
|e rda
|c DLC
|d UtOrBLW
|
| 049 |
|
|
|a TXAM
|
| 050 |
0 |
0 |
|a D743
|b .H329 2017
|
| 082 |
0 |
0 |
|a 940.54
|2 23
|
| 100 |
1 |
|
|a Hanson, Victor Davis,
|e author.
|0 http://id.loc.gov/authorities/names/n85179440
|
| 245 |
1 |
4 |
|a The second world wars :
|b how the first global conflict was fought and won /
|c Victor Davis Hanson.
|
| 246 |
3 |
|
|a 2nd world wars
|
| 250 |
|
|
|a First edition.
|
| 264 |
|
1 |
|a New York :
|b Basic Books, Hachette Book Group,
|c [2017]
|
| 264 |
|
4 |
|c ©2017
|
| 300 |
|
|
|a xxi, 652 pages, 34 unnumbered unnumbered pages of plates :
|b illustrations ;
|c 25 cm.
|
| 336 |
|
|
|a text
|b txt
|2 rdacontent
|
| 337 |
|
|
|a unmediated
|b n
|2 rdamedia
|
| 338 |
|
|
|a volume
|b nc
|2 rdacarrier
|
| 504 |
|
|
|a Includes bibliographical references and index.
|
| 505 |
0 |
|
|t Part I. Ideas --
|t The war in a classical context --
|t Grievances, agendas, and methods --
|t Old, new, and strange alliances --
|t Part II. Air --
|t The air power revolution --
|t From Poland to the Pacific --
|t New terrors from above --
|t Part III. Water --
|t Ships and strategies --
|t From the Atlantic to the Mediterranean --
|t A vast ocean --
|t Part IV. Earth --
|t The primacy of infantry --
|t Soldiers and armies --
|t The western and eastern wars for the continent --
|t Armies abroad --
|t Sieges --
|t Part V. Fire --
|t Tanks and artillery --
|t People --
|t Supreme command --
|t The warlords --
|t The workers --
|t The dead --
|t Part VII. Ends --
|t Winners, losers, neither, and both.
|
| 520 |
|
|
|a World War II was the most lethal conflict in human history. Hanson examines how combat unfolded in the air, at sea and on land to show how distinct conflicts among disparate combatants coalesced into one interconnected global war. He argues that despite its novel industrial barbarity, neither the war's origins nor its geography were unusual. Nor was its ultimate outcome surprising.
|
| 650 |
|
0 |
|a World War, 1939-1945.
|0 http://id.loc.gov/authorities/subjects/sh85148273
|
| 650 |
|
0 |
|a World War, 1939-1945
|x Campaigns.
|0 http://id.loc.gov/authorities/subjects/sh85148299
|
| 650 |
|
7 |
|a HISTORY / Europe / Western.
|2 bisacsh
|
| 650 |
|
7 |
|a HISTORY / Military / Ancient.
|2 bisacsh
|
| 650 |
|
7 |
|a HISTORY / Military / Aviation.
|2 bisacsh
|
| 650 |
|
7 |
|a HISTORY / Military / Naval.
|2 bisacsh
|
| 650 |
|
7 |
|a HISTORY / Military / Strategy.
|2 bisacsh
|
| 650 |
|
7 |
|a HISTORY / Military / World War II.
|2 bisacsh
|
| 650 |
|
7 |
|a HISTORY / Modern / 20th Century.
|2 bisacsh
|
| 650 |
|
7 |
|a HISTORY / World.
|2 bisacsh
|
| 945 |
|
|
|b 342000
|
| 947 |
|
|
|a A14850257727
|
| 948 |
|
|
|a cataloged
|b h
|c 2017/12/8
|d c
|e dmitchel
|f 3:00:00 pm
|
| 994 |
|
|
|a 92
|b TXA
|
| 999 |
f |
f |
|s 938a31ee-58c9-37ef-b0d4-e90d07303bc2
|i fb1654b3-2948-3128-bd24-cb42eb076f66
|t 0
|
| 952 |
f |
f |
|p normal
|a Texas A&M University
|b College Station
|c Sterling C. Evans Library
|d Evans: Library Stacks
|t 0
|e D743 .H329 2017
|h Library of Congress classification
|i unmediated -- volume
|m A14850257727
|
| 998 |
f |
f |
|a D743 .H329 2017
|t 0
|l Evans: Library Stacks
|